000 00609nam a2200241 i 4500
001 C2-0101946
003 PPAK
005 20180727095955.0
008 970602s1992 si |||| ||||| | eng d
020 _a9971642743
040 _aPPAK
_beng
_cPPAK
_erda
082 0 4 _a823
_223
090 0 0 _a823
_bYOG
_dG
100 1 _aYogerst, Joseph R.,
_eauthor
245 1 0 _aWhite tiger
264 1 _aSingapore :
_bMandarin ,
_c1992
300 _a504 pages ;
_c18 cm
336 _2rdacontent
_atext
337 _2rdamedia
_aunmediated
338 _2rdacarrier
_avolume
650 1 0 _aEnglish fiction
942 _ddc
_cB
999 _c23632
_d23632